000 02816nam a22002537a 4500
003 BJBSDDR
005 20260512175316.0
006 a|||||r|||| 00| 0
007 ta
008 260512s20072006nyu|||||r|||| 00| 0 eng d
020 _a9780743246019
040 _bspa
_cBJBSDDR
041 _aeng
050 _bA466d 2007
100 1 _aAlter, Jonathan H.,
_d1957-
_930251
245 1 4 _aThe defining moment :
_bFDR's hundred days and the triumph of hope /
_cJonathan Alter.
250 _apaperback edition
260 _aNew York :
_bSimon & Schuster,
_c2007
300 _axvi, 415 pages, 16 unnumbered pages of plates :
_billustrations ;
_c24 cm
505 _aContenidos : Prologue: Sunday, March 5, 1933 pt. 1: Lightweight steel. Security ; "My boy Franklin" ; "Miss Nancy" ; Eleanor and Sara ; Dilettante ; "The medieval gnome" ; The operator ; The "ghastly affliction" Warm Springs dress rehearsal ; "I've got to be it myself" pt. 2: The ascent: 1932. "Brother, can you spare a dime?" ; "This doesn't go for above the neck" ; "Try something" for "the forgotten man" ; The Brain Trust ; The hair-splitter ; The "corkscrew candidate" ; Off the reservation ; Flight to Chicago ; The Bonus Army ; The trial of Jimmy Walker ; "Hang Hoover!" pt. 3: The crisis: winter 1933. The perfect foil ; Under the mattress ; "Wooden roof" and other cabinetry ; Nearly martyred in Miami ; "Damn the secretary" ; "Gabriel over the White House" ; The hairy hand ; Reluctant First Lady ; "Like hell I will!" pt. 4: The Hundred Days. "Fear itself" ; The consecration ; "An injection of adrenalin" ; "Action now" ; That temperament ; Holiday spirit ; "Surpassing charm" ; That voice ; "The chief croupier" ; Roosevelt's "tree army" ; The blue eagle ; Social Security ; "Dr. New Deal" Appendix: Inaugural address, March 4, 1933 ; First Fireside Chat, March 12, 1933
520 _aThis is the story of a political miracle--the perfect match of man and moment. FDR took office in 1933 as America touched bottom. Banks were closing, millions of people lost everything--the Great Depression had caused a national breakdown. Journalist Alter brings us closer than ever before to the Roosevelt magic. Facing the gravest crisis since the Civil War, instead of circumventing Congress and becoming the dictator so many thought they needed, FDR used his cagey political instincts and ebullient temperament in the storied first Hundred Days of his presidency to pull off a conjuring act that lifted the country and saved both democracy and capitalism. Alter shows us how a snobbish and apparently lightweight young aristocrat was forged into an incandescent leader by his domineering mother; his independent wife; his eccentric top adviser, Louis Howe; and his ally-turned-bitter-rival, Al Smith.
942 _2lcc
_n0
_cBK
946 _illh
999 _c127073
_d127073